| 000 | 00798nkm a2200229 a 4500 | ||
|---|---|---|---|
| 001 | 72050 | ||
| 003 | BD-RjUL | ||
| 005 | 20211209082215.0 | ||
| 008 | 170513s1948 e | kneng d | ||
| 035 | _a(BD-RjUL)72266 | ||
| 040 |
_aDLC _cDLC _beng _dBD-RjUL |
||
| 041 | _aeng | ||
| 082 |
_223 _a530.15 _bSMJ 1948 |
||
| 100 |
_aSmith, R.L. _9213100 |
||
| 245 | 0 | 0 |
_aJames Clerk Maxwell, F.R.S. 1831-1879 / _c R.L.Smith |
| 260 |
_cLondon : _aBritish Council, _b1948. |
||
| 300 |
_a34 p. : _bill. ; _c22 cm. |
||
| 500 | _aThis record contains unverified, old data from caption card. | ||
| 540 |
_aRights status not evaluated. For general information see "Copyright and Other Restrictions ...," _uhttp://www.loc.gov/rr/print/195_copr.html |
||
| 650 |
_aMathematical Physics _9213101 |
||
| 942 |
_2ddc _cBK |
||
| 999 |
_c72050 _d72050 |
||